Last time a team drafted a QB in the first round - Statistics

General Stats
  • This quiz has been taken 159 times
    87 since last reset
  • The average score is 29 of 32
Answer Stats
Team Year QB % Correct
Broncos 2024 Bo Nix
98%
Panthers 2023 Bryce Young
98%
Bears 2024 Caleb Williams
98%
Texans 2023 C.J. Stroud
98%
Bengals 2020 Joe Burrow
98%
Jets 2021 Zach Wilson
98%
Colts 2023 Anthony Richardson
96%
Giants 2019 Daniel Jones
96%
Packers 2020 Jordan Love
96%
Chargers 2020 Justin Herbert
96%
Cardinals 2019 Kyler Murray
96%
Jaguars 2021 Trevor Lawrence
96%
Dolphins 2020 Tua Tagovailoa
96%
Patriots 2024 Drake Maye
95%
Bills 2018 Josh Allen
95%
Steelers 2022 Kenny Pickett
95%
Ravens 2018 Lamar Jackson
95%
Falcons 2024 Michael Penix Jr.
95%
Chiefs 2017 Patrick Mahomes
95%
Rams 2016 Jared Goff
94%
Commanders 2024 Jayden Daniels
94%
49ers 2021 Trey Lance
94%
Vikings 2024 J.J. McCarthy
91%
Lions 2009 Matthew Stafford
91%
Browns 2018 Baker Mayfield
90%
Buccaneers 2015 Jameis Winston
88%
Eagles 2016 Carson Wentz
86%
Cowboys 1989 Troy Aikman
79%
Titans 2015 Marcus Mariota
74%
Raiders 2007 JaMarcus Russell
65%
Saints 1971 Archie Manning
56%
Seahawks 1993 Rick Mirer
20%
No matching quizzes found
Score Distribution
Percent of People with Each Score
Percentile by Number Answered
Your Score History
You have not taken this quiz since the last reset